1375 1045 1775 1964 1270 1023 1327 1354 1637 1666 1163 1960 1030 1167 1410 1898 1591 1993 1294 1837 1444 1004 1212 1015 1261 1334 1786 1777 1784 1522 1899 1980 1362 1855 1928 1221 1551 1142 1584 1614 1840 1269 1242 1442 1991 1219 1384 1379 1170 1403 1926 1470 1849 1240 1771 1278 1803 1236 1594 1069 1643 1473 1487 1773 1085 1755 1799 1487 1837 1080 1582 1218 1906 1428 1133 1082 1786 1803 1407 1930 1751 1503 1910 1197 1718 1354 1636 1684 1028 1040 1610 1939 1679 1669 1317 1579 1283 1618 1071 BCNSPRNW ULIB Ver.6.0+V

เปลี่ยนเป็นภาษาไทย

Change to English
 แสดงรายละเอียดบรรณานุกรม
  กลับหน้าหลัก

Brief Record : Get Marc (ISO 2709) : E-mail record : QR code < ปิดหน้าต่าง
LEADER : 00000nam 2200000uu 4500
001    13399120225
003     ULIB
008    020711s2009 th a 000 0 eng d
020    9780131354876
050    QS4^bM386F
100    Frederic H. Martini
245    FUNDAMENTALS OF ANATOMY & PHYSIOLOGY/^cFrederic H. Martini
260    San Francisco :^bPEARSON,^c2009
945    ^p0^l0^i16535
999    ^aทศพร เกษรทอง
รายการนี้ยังไม่มีแท็ก
คุณยังไม่ได้ล็อกอิน คุณสามารถมีกิจกรรมร่วมกับเว็บไซต์ได้ แต่ต้องล็อกอินก่อน ::
  ล็อกอิน

รายการสื่อสารสนเทศ

ลำดับที่ ประเภท เลขเรียก/บาร์โค้ด สถานที่ สถานะ
1. วิทยาศาสตร์การแพทย์ และสุขภาพ
วิทยาศาสตร์การแพทย์ และสุขภาพ
QS4 M386F  
  Barcode: 16535
ห้องสมุดวิทยาเขตสวรรค์ประชารักษ์
►หนังสือทั่วไป
บนชั้น

BibComment


ยังไม่เคยถูกคอมเมนท์

คอมเมนท์ทรัพยากรรายการนี้
  คอมเมนท์: FUNDAMENTALS OF A..


 Copyright 2026. Bcnsprnw @Library